000 00641nam a2200241Ia 4500
003 OSt
005 20220925225018.0
006 a|||||r|||| 00| 0
007 ta
008 220923b |||||||| |||| 00| 0 eng d
020 _a0415143144
037 _cGeneral Book
040 _aRTL
_cRTL
_beng
041 _2eng
_aeng
082 _aX7, N8
100 _aJha Raghbendra
_9126124
245 0 _aModern public economics
260 _aLondon
_bRoutledge U. K.
_c1998
300 _a558p. Bibliography p.521-49
_ccm.
650 _aPublic Finance
942 _hX7, N8
_cGB
_2CC
999 _c582763
_d582763